Normal view
MARC view
Entry Topical Term
001 - CONTROL NUMBER
- control field: 44229
003 - CONTROL NUMBER IDENTIFIER
- control field: ARRUPE
005 - DATE AND TIME OF LATEST TRANSACTION
- control field: 20190129101807.0
008 - FIXED-LENGTH DATA ELEMENTS
- fixed length control field: 190129|| aca||aabn | a|a d
040 ## - CATALOGING SOURCE
- Original cataloging agency: ARRUPE
- Transcribing agency: ARRUPE
150 ## - HEADING--TOPICAL TERM
- Topical term or geographic name as entry element:
- Topical term following geographic name as entry element: Rock paintings
- General subdivision: Guide Books
- Geographic subdivision: Zimbabwe
- Geographic subdivision: Matopo Hills
670 ## - SOURCE DATA FOUND
- Source citation: Work cat.: (ARRUPE)66942: Parry, Elspeth 44228, A guide to the rock art of the Matopo hills, Zimbabwe, 2002